Place branding (Record no. 5226)

MARC details
000 -CABECERA
campo de control de longitud fija 02178nam a22002897a 4500
003 - IDENTIFICADOR DEL NÚMERO DE CONTROL
campo de control OSt
005 - FECHA Y HORA DE LA ÚLTIMA TRANSACCIÓN
campo de control 20260514172952.0
008 - DATOS DE LONGITUD FIJA--INFORMACIÓN GENERAL
campo de control de longitud fija 260121b |||||||| |||| 00| 0 eng d
022 ## - NÚMERO INTERNACIONAL NORMALIZADO PARA PUBLICACIONES SERIADAS
Número Internacional Normalizado para Publicaciones Seriadas 1744-0696
022 ## - NÚMERO INTERNACIONAL NORMALIZADO PARA PUBLICACIONES SERIADAS
Número Internacional Normalizado para Publicaciones Seriadas 1751-8040
022 ## - NÚMERO INTERNACIONAL NORMALIZADO PARA PUBLICACIONES SERIADAS
Número Internacional Normalizado para Publicaciones Seriadas 1751-8059
040 ## - FUENTE DE LA CATALOGACIÓN
Centro catalogador/agencia de origen TBS
Lengua de catalogación EN
Centro/agencia transcriptor TBS
041 ## - CÓDIGO DE LENGUA
Código de lengua del texto/banda sonora o título independiente eng
100 ## - ENTRADA PRINCIPAL--NOMBRE DE PERSONA
Nombre de persona Dinnie, Keith
9 (RLIN) 12509
Término indicativo de función/relación author
245 ## - MENCIÓN DE TÍTULO
Título Place branding
Resto del título : overview of an emerging literature
Mención de responsabilidad, etc. / Keith Dinnie.
260 ## - PUBLICACIÓN, DISTRIBUCIÓN, ETC.
Nombre del editor, distribuidor, etc. Place Branding,
Fecha de publicación, distribución, etc. 2004
300 ## - DESCRIPCIÓN FÍSICA
Extensión 106-110 pages.
362 ## - FECHAS DE PUBLICACIÓN Y/O DESIGNACIÓN SECUENCIAL
Fecha de publicación y/o designación secuencial Place branding, 2004-11, Vol.1 (1), p.106-110
520 ## - SUMARIO, ETC.
Sumario, etc. There is a small but rapidly growing body of literature pertaining to place branding. Many streams of research have provided input to the creation of knowledge in the domain of place branding. This diversity of sources encompasses many disciplines that rarely, if ever, attract attention in the marketing and branding literature. For example, the fields of sociology, history, national identity, and politics may be regarded as having a potentially important contribution to make to the practice of place branding. Practitioners and academics involved in place branding should therefore be prepared to scan horizons far wider than those associated purely with conventional brand management and brand strategy. <br/>The country-of-origin literature offers valuable insights into the effect on consumer behaviour that the provenance of a product or service can have. However, it has traditionally been beyond the scope of the country-of-origin literature to analyse the historical and cultural dimensions of which nations are constituted. It is this breadth of scope that characterises place branding. This overview of the literature highlights the multifaceted nature of place branding and identifies some of the landmark texts and emerging avenues in the place branding literature.
630 #0 - PUNTO DE ACCESO ADICIONAL DE MATERIA--TÍTULO UNIFORME
Título uniforme MSc International Business
9 (RLIN) 26977
650 #0 - PUNTO DE ACCESO ADICIONAL DE MATERIA--TÉRMINO DE MATERIA
Término de materia o nombre geográfico como elemento de entrada Place marketing
9 (RLIN) 24199
650 #0 - PUNTO DE ACCESO ADICIONAL DE MATERIA--TÉRMINO DE MATERIA
Término de materia o nombre geográfico como elemento de entrada Branding (Marketing)
9 (RLIN) 6284
650 #0 - PUNTO DE ACCESO ADICIONAL DE MATERIA--TÉRMINO DE MATERIA
Término de materia o nombre geográfico como elemento de entrada Communication in marketing
9 (RLIN) 2094
650 #0 - PUNTO DE ACCESO ADICIONAL DE MATERIA--TÉRMINO DE MATERIA
Término de materia o nombre geográfico como elemento de entrada Marketing
Subdivisión general Management
9 (RLIN) 9256
856 ## - LOCALIZACIÓN Y ACCESO ELECTRÓNICOS
Identificador Uniforme del Recurso <a href="https://research-ebsco-com.hub.tbs-education.fr/c/q5dvh4/viewer/pdf/tl63to7vsn">https://research-ebsco-com.hub.tbs-education.fr/c/q5dvh4/viewer/pdf/tl63to7vsn</a>
942 ## - ELEMENTOS DE ENTRADA AGREGADA (KOHA)
Fuente del sistema de clasificación o colocación Clasificación de Library of Congress
Holdings
Estado de retiro Estado de pérdida Fuente del sistema de clasificación o colocación Estado dañado No para préstamo Código de colección Biblioteca de origen Biblioteca actual Fecha de adquisición Total de préstamos Código de barras Fecha visto por última vez Identificador Uniforme del Recurso Precio válido a partir de Tipo de ítem Koha
    Clasificación de Library of Congress     Core Textbooks TBS Barcelona TBS Barcelona 14/05/2026   5226 14/05/2026 https://research-ebsco-com.hub.tbs-education.fr/c/q5dvh4/viewer/pdf/tl63to7vsn 14/05/2026 Academic Article

Powered by Koha